| 000 | 00542nam a2200169 i 4500 | ||
|---|---|---|---|
| 001 | 70544 | ||
| 003 | ES-MaACL | ||
| 005 | 20230906170841.0 | ||
| 007 | t| | ||
| 008 | 040727s1972 sp ||||1| spa d | ||
| 100 | 1 |
_aGarcía Vicente, Luis. _955400 |
|
| 245 | 1 | 0 |
_aAnestesia troncular en estomatología / _cLuis García Vicente ; prólogo, Gerardo Zabata Rubio. |
| 260 |
_aMadrid : _bMartínez de Murgia, _c[1972] |
||
| 300 |
_a126 p., 16 lám. ; _c26 cm. |
||
| 700 | 1 |
_aZabata Rubio, Gerardo. _9117807 |
|
| 852 |
_aES-MaACL _jC-43015 _bR.82176 |
||
| 999 |
_c70544 _d70544 |
||